00211nam a2200073Ia 4500008004100000082000800041100002300049245006500072240331s9999 xx 000 0 und d bABE aAbeysekera, Sunila 0aWomen's human rights :bquestions of equality and difference